| 000 | 00493nam a2200169 i 4500 | ||
|---|---|---|---|
| 001 | 67846 | ||
| 003 | ES-MaACL | ||
| 007 | t| | ||
| 008 | 040206s1933 sp ||||1| spa d | ||
| 100 | 1 |
_aGallart Monés, Francisco. _9183213 |
|
| 245 | 1 | 0 |
_aDiagnóstico de la apendicitis crónica / _cpor Francisco Gallart Monés y J.A. Pinós. |
| 260 |
_aBarcelona : _bSalvat, _c1933. |
||
| 300 |
_a282 p. ; _c26 cm. |
||
| 700 | 1 |
_aPinós, J. A. _992192 |
|
| 852 |
_aES-MaACL _jE-1694 |
||
| 999 |
_c67846 _d67846 |
||